000 01154cam a2200217 4500
001 WB3941-13
008 031029n2003 000 0 eng u
035 _a(Sirsi) u124152
245 _aHouse of Lords urges government to publish Disability Bill
260 _c2003
490 _aRICS Building Surveying Faculty News
_v 27 October 2003 (1)
520 _aThe Disability Rights Commission (DRC) is carrying out a consultation on two new codes of practice on employment and occupation and trade organisations and qualifications bodies. The new draft Codes reflect changes to the employment requirements of the Disability Discrimination Act 1995. Further details of the consultation are available on the DRC website http://www.drc.org.uk/campaigns/consultation.asp. http://www.rics.org/ricscms/bin/show?class=News&template=/includes/shownews.html&id=7395&faculty=Building Surveying&faculty=All Faculties
590 _aWB
650 _aDISABILITY RIGHTS COMMISSION
650 _aEMPLOYMENT RIGHTS
650 _aCODE OF PRACTICE
650 _aDISABILITY DISCRIMINATION ACT 1995
650 _aCONSULTATION PAPERS
690 _aLAW-UK
942 _n0
999 _c73688
_d73688